| 000 | 00885nam a22002777a 4500 | ||
|---|---|---|---|
| 001 | 9290 | ||
| 003 | FISKH | ||
| 005 | 20251209103824.0 | ||
| 008 | 251209b cb ||||| |||| 00| 0 eng d | ||
| 020 | _a9780064451758 | ||
| 040 |
_aFISKH _beng _cFISKH _dFISKH |
||
| 050 | _aCC171 .D85 | ||
| 082 | _a930 | ||
| 100 |
_aDuke, Kate _eAuthor |
||
| 245 |
_aArchaeologists dig for clues / _cby Kate Duke |
||
| 260 |
_aNew York : _bHarperCollins Publishers Inc. , _c1997 |
||
| 300 |
_a30 unnumbered pages : _bcolor illustrations ; _c21 x 26 cm |
||
| 505 | _aR | ||
| 520 | _aSophie the archaeologist leads a dig in a farmer's cornfield where some prehistoric spear points were uncovered with a plow. | ||
| 521 | 8 |
_a690
_bLexile |
|
| 521 | 8 |
_aR
_bRaz-Plus |
|
| 650 |
_aAncient history _vArchaeologists |
||
| 650 |
_aEarth science _vFossils |
||
| 942 |
_2ddc _cBK _n0 |
||
| 999 |
_c9290 _d9290 |
||